00497nam a2200193 a 4500001001300000003000900013005001700022008004100039020001000080082001400090100002600104245003400130260004600164300000900210500003500219505001000254650001300264700002600277nice12345678IN_TiNIC20260116011915.0050524s1917 bosa grp 000 0 eng  ac10000a230bBRA1 aBrandenburg, Walter E aPhilosophy of Christian Being aBostonbSherman, French and Companyc1917 a148p aincludes index and biblioraphy2 aIndex aTheology1 aBrandenburg, Walter E